Kingdom of heaven. (Record no. 109285)
[ view plain ]
| 000 -LEADER | |
|---|---|
| fixed length control field | 00388nam a2200157 a 4500 |
| 005 - DATE AND TIME OF LATEST TRANSACTION | |
| control field | 20140414093841.0 |
| 008 - FIXED-LENGTH DATA ELEMENTS--GENERAL INFORMATION | |
| fixed length control field | 071009s19uu xx uuu eng d |
| 050 ## - LIBRARY OF CONGRESS CALL NUMBER | |
| Classification number | VCD 790 |
| Item number | KIN 2005 |
| 245 ## - TITLE STATEMENT | |
| Title | Kingdom of heaven. |
| 260 ## - PUBLICATION, DISTRIBUTION, ETC. (IMPRINT) | |
| Place of publication, distribution, etc | Sl : |
| Name of publisher, distributor, etc | 20th. Century Fox, |
| Date of publication, distribution, etc | c2005. |
| 300 ## - PHYSICAL DESCRIPTION | |
| Extent | 2 video disk. |
| 520 ## - SUMMARY, ETC. | |
| Summary, etc | Cast: Orlando Bloom |
| 650 ## - SUBJECT ADDED ENTRY--TOPICAL TERM | |
| Topical term or geographic name as entry element | Film. |
| 942 ## - ADDED ENTRY ELEMENTS (KOHA) | |
| Koha item type | Audio Visual Materials |
| Withdrawn status | Lost status | Damaged status | Use restrictions | Home library | Current library | Shelving location | Date acquired | Source of acquisition | Cost, normal purchase price | Total Checkouts | Full call number | Barcode | Date last seen | Price effective from | Koha item type |
|---|---|---|---|---|---|---|---|---|---|---|---|---|---|---|---|
| Luxembourg Library | Luxembourg Library | Audio Visual Material Section | 10/09/2007 | 150.00 | VCD 790 KIN 2005 | AV0921 | 04/14/2014 | 04/14/2014 | Audio Visual Materials |